000 00304nam a22001337a 4500
008 181205b xxu||||| |||| 00| 0 eng d
020 _a9780721639024
041 _aeng
080 _24 th
_a004
100 _a38
101 _aSHK
245 _aPrinciples Protocols On Calls
_cJames.d
942 _2udc
_cBK
999 _c52839
_d52839